000 00683cam a2200217 a 4500
001 000011681
005 20200929162527.0
008 971229s1997 mx a 001 1 spa
020 _a9681903242
040 _aDO-SdBNP
_bspa
_cLC
_dBNPHU
082 _aC863.44
_bP438L
100 1 _aPérez Reverte, Arturo.
_923052
245 1 0 _aLimpieza de sangre /
_cArturo Pérez Reverte.
260 _aMéxico, D. F. :
_bAlfaguara,
_c1997.
300 _a251 p. :
_bil. ;
_c24 cm.
490 1 _aLas Aventuras del Capitán Alatriste
_v1
650 4 _aNovela colombiana
_91243
650 4 _aLiteratura colombiana
_91244
830 0 _aLas Aventuras del Capitán Alatriste,
_v1
_927686
049 _aBNGR
999 _c11367
_d11367